000 00327nam a2200133Ia 4500
008 220216s9999 xx 000 0 und d
100 _aChen Augustin
245 0 _aTPU from aliphatic diisocyanates
260 _bRubber World
_c1995
300 _a31-35
700 _aOConnor James M
700 _aWells Richard R
942 _cJS
999 _c71439
_d71439